| 000 | 00383nam a2200157Ia 4500 | ||
|---|---|---|---|
| 008 | 210719s1977 xx 000 0 und d | ||
| 041 | _aeng | ||
| 082 | _a294.5925K SIPP | ||
| 100 | _aSI PI E PAI | ||
| 245 | _aPuranagalu: ondu adhyayana. | ||
| 260 |
_aDharavada _bKarnataka Vishva Vidyalaya _c1977 |
||
| 300 |
_a29 _bPB |
||
| 365 | _cRs | ||
| 650 | _aHinduism | ||
| 906 | _aPurana | ||
| 999 |
_c213099 _d213099 |
||